书目信息 |
| 题名: |
老年心理学
|
|
| 作者: | 长谷川和夫 , 霜山德尔 主编 ;车文博 译 | |
| 分册: | ||
| 出版信息: | 哈尔滨 黑龙江人民出版社 1997 |
|
| 页数: | 408页 | |
| 开本: | 20cm | |
| 丛书名: | 中外心理学丛书 | |
| 单 册: | ||
| 中图分类: | B844.4 , B844 | |
| 科图分类: | ||
| 主题词: | 老年心理学 | |
| 电子资源: | ||
| ISBN: | 7-207-03748-1 | |
| 000 | 00885nam2 2200289 450 | |
| 001 | 1537479929 | |
| 005 | 20150128135513.59 | |
| 010 | @a7-207-03748-1@dCNY16.80 | |
| 100 | @a20021005d1997 emky0chiy0110 ea | |
| 101 | 1 | @achi@cjpn |
| 102 | @aCN@b230000 | |
| 105 | @af z 000yy | |
| 200 | 1 | @a老年心理学@9lao nian xin li xue@f(日)长谷川和夫,(日)霜山德尔主编@g车文博等译 |
| 205 | @a2版 | |
| 210 | @a哈尔滨@c黑龙江人民出版社@d1997 | |
| 215 | @a408页@c图@d20cm | |
| 225 | 2 | @a中外心理学丛书@dChinese & foreigners' psychology series@zeng |
| 300 | @a经作者授权出版 | |
| 461 | 0 | @12001 @a中外心理学丛书 |
| 606 | 0 | @a老年心理学 |
| 690 | @aB844.4@v5 | |
| 690 | @aB844@v4 | |
| 701 | 0 | @a长谷川和夫@9chang gu chuan he fu@4主编 |
| 701 | 0 | @a霜山德尔@9shuang shan de er@4主编 |
| 702 | 0 | @a车文博@9che wen bo@4译 |
| 801 | 0 | @aCN@bTSSF@c20150128 |
| 905 | @aZUCC@dB844@eJY566=2 | |
| 老年心理学/(日)长谷川和夫,(日)霜山德尔主编/车文博等译.-2版.-哈尔滨:黑龙江人民出版社,1997 |
| 408页:图;20cm.-(中外心理学丛书=Chinese & foreigners' psychology series) |
| 经作者授权出版 |
| ISBN 7-207-03748-1:CNY16.80 |
| ● |
| 相关链接 |
|
|
|
|
正题名:老年心理学
索取号:B844/JY566=2
 
预约/预借
| 序号 | 登录号 | 条形码 | 馆藏地/架位号 | 状态 | 备注 |
| 1 | 7845852 | 278458526 | 学院路分馆/ [索取号:B844/JY566=2] | 在馆 |